| 000 | 00368nam a2200145Ia 4500 | ||
|---|---|---|---|
| 005 | 20250508160033.0 | ||
| 008 | 008 250505s9999 xx 000 0 eng d | ||
| 037 | _aBooks to be hide in OPAC | ||
| 040 |
_aFEDL _beng _cFEDL |
||
| 041 |
_aeng _2eng |
||
| 084 | _qFEDL | ||
| 245 | 0 | _aEducation (continuation schools) bill | |
| 942 | _cHB | ||
| 999 |
_c1361298 _d1361298 |
||